|
|
|
|
| LEADER |
01020nab a2200289 i 4500 |
| 001 |
publ6913 |
| 005 |
20190307134835.0 |
| 008 |
160601s2016 hu o 0|| zxx d |
| 022 |
|
|
|a 1177-8881
|
| 024 |
7 |
|
|a 10.2147/DDDT.S102959
|2 doi
|
| 024 |
7 |
|
|a 3067250
|2 mtmt
|
| 040 |
|
|
|a SZTE Publicatio Repozitórium
|b hun
|
| 041 |
|
|
|a zxx
|
| 100 |
1 |
|
|a Berkó Szilvia
|
| 245 |
1 |
0 |
|a Electroporation-delivered transdermal neostigmine in rats
|h [elektronikus dokumentum] :
|b equivalent action to intravenous administration /
|c Berkó Szilvia
|
| 260 |
|
|
|c 2016
|
| 300 |
|
|
|a 1695-1701
|
| 490 |
0 |
|
|a DRUG DESIGN DEVELOPMENT AND THERAPY
|v 10
|
| 700 |
0 |
1 |
|a Szűcs Kálmán Ferenc
|e aut
|
| 700 |
0 |
1 |
|a Balázs Boglárka
|e aut
|
| 700 |
0 |
1 |
|a Csányi Erzsébet
|e aut
|
| 700 |
0 |
1 |
|a Varju Gábor
|e aut
|
| 700 |
0 |
2 |
|a Sztojkov-Ivanov Anita
|e aut
|
| 700 |
0 |
2 |
|a Budai-Szűcs Mária
|e aut
|
| 700 |
0 |
2 |
|a Bóta Judit
|e aut
|
| 700 |
0 |
2 |
|a Gáspár Róbert
|e aut
|
| 856 |
4 |
0 |
|u http://publicatio.bibl.u-szeged.hu/6913/1/DrugDesingDevTher2016.pdf
|z Dokumentum-elérés
|